Les 50 joueurs de football Asiatiques les plus valorisés - Statistiques

Statistiques générales
  • Ce quiz a été pris 23 fois
  • Le résultat moyen est 11 sur 50
Statistiques - réponses
Pays Joueur Club % Correct
Sud-Coréen Min-Jae Kim FC Bayern Munich
100%
Japonais Takefusa Kubo Real Sociedad
90%
Sud-Coréen Heung-Min Son Los Angeles FC
80%
Sud-Coréen Kang-In Lee Paris Saint-Germain
80%
Japonais Kaoru Mitoma Brighton Hove & Albion
80%
Ouzbèk Abdukodir Khusanov Manchester City
70%
Japonais Hiroki Ito FC Bayern Munich
60%
Japonais Wataru Endo Liverpool FC
60%
Japonais Takumi Minamino AS Monaco
50%
Néo-Zélandais Chris Wood Nottingham Forest
40%
Japonais Daichi Kamada Crystal Palace
35%
Sud-Coréen Hee-Chan Hwang Wolverhampton Wanderers
30%
Sud-Coréen In-Beom Hwang Feyenoord Rotterdam
30%
Japonais Ritsu Doan Eintracht Francfort
30%
Japonais Keito Nakamura Stade de Reims
25%
Jordanien Mousa Al-Tamari Stade Rennais FC
25%
Japonais Takehiro Tomiyasu Libre
25%
Japonais Ao Tanaka Leeds United
20%
Japonais Ayase Ueda Feyenoord Rotterdam
15%
Japonais Yuito Suzuki SC Fribourg
15%
Japonais Zion Suzuki Parma Calcio
15%
Japonais Daizen Maeda Celtic Glasgow
10%
Australien Harry Souttar Leicester City
10%
Japonais Hidemasa Morita Sporting Club Portugal
10%
Japonais Ko Itakura Ajax Amsterdam
10%
Ouzbèk Abbosbek Fayzullaev İstanbul Başakşehir FK
5%
Qatari Akram Afif Al-Sadd
5%
Ouzbèk Eldor Shomurodov İstanbul Başakşehir FK
5%
Indonésien Jay Idzes Sassuolo Calcio
5%
Sud-Coréen Jens Castrop Borussia Mönchengladbach
5%
Japonais Joel Chima Fujita FC Sankt-Pauli
5%
Japonais Kaishu Sano FSV Mayence
5%
Japonais Kodai Sano NEC Nimègue
5%
Japonais Koki Machida TSG Hoffenheim
5%
Japonais Kota Takai Tottenham Hotspurs
5%
Japonais Kyogo Furuhashi Birmingham City FC
5%
Japonais Reo Hatate Celtic Glasgow
5%
Iranien Sardar Azmoun FC Shabab Al-Ahli Dubai
5%
Japonais Shuto Machino Borussia Mönchengladbach
5%
Japonais Tsuyoshi Watanabe Feyenoord Rotterdam
5%
Japonais Yukinari Sugawara SV Werder Brême
5%
Australien Alessandro Circati Parma Calcio
0%
Emirati Fábio Lima Al-Wasl SC
0%
Sud-Coréen Hyeon-Gyu Oh KRC Genk
0%
Australien Jordan Bos Feyenoord Rotterdam
0%
Emirati Luan Pereira Sharjah CSC
0%
Indonésien Mees Hilgers FC Twente
0%
Iranien Mehdi Ghayedi Al-Nasr Dubai
0%
Australien Nestory Irankunda Watford FC
0%
Palestinien Wessam Abou Ali Columbus Crew
0%
Aucun quiz correspondant
Distribution des résultats
% des personnes avec chaque résultat
Percentile par nombre de réponses
Votre historique - résultats
Vous n’avez pas pris ce quiz